000 00245nam a22001217a 4500
008 171204b xxu||||| |||| 00| 0 eng d
041 _aeng
080 _a573
100 _a11
101 _aBIO
245 _aBIOLOGY
_cALTERS
942 _2udc
_cBK
999 _c38770
_d38770